[Event "Mechanics' Summer TNM; 30/90, SD/30"]
[Site "San Francisco"]
[Date "2012.07.10"]
[Round "8.15"]
[White "Zhao, Audrey"]
[Black "Morton, Adam"]
[Result "0-1"]
[WhiteElo "1757"]
[BlackElo "1878"]
[PlyCount "100"]
[EventDate "2012.??.??"]

1. d4 d5 2. c4 c6 3. Nf3 Nf6 4. Nc3 e6 5. e3 Nbd7 6. Bd3 dxc4 7. Bxc4 b5 8. Bd3
a6 9. e4 c5 10. Bc2 Bb7 11. Bg5 Qb6 12. O-O cxd4 13. Nxd4 Bc5 14. Nb3 Bb4 15.
Qe2 Bxc3 16. bxc3 Qc6 17. Na5 Qc7 18. Nxb7 Qxb7 19. e5 Nd5 20. Bd2 Qc7 21. f4
g6 22. Qf3 Rc8 23. Be4 Qc5+ 24. Kh1 N7b6 25. Bxd5 Qxd5 26. Qf2 Nc4 27. Rfd1 Rd8
28. Be1 Qxd1 29. Rxd1 Rxd1 30. h3 O-O 31. Kh2 Rfd8 32. Qe2 Rb1 33. Bh4 Rb2 34.
Qe4 Rd5 35. Be7 Nd2 36. Qe2 Rxa2 37. Qf2 Ra1 38. Qa7 Nf1+ 39. Kg1 Ng3+ 40. Kf2
Nh1+ 41. Kf3 Rf1+ 42. Kg4 h5+ 43. Kg5 Ng3 44. Qb8+ Kh7 45. Qf8 Ne4+ 46. Kh4
Rxf4+ 47. g4 hxg4 48. Bg5 Nxg5 49. Kxg5 Rf5+ 50. Kxg4 Rdxe5 0-1

[Event "Mechanics' Summer TNM; 30/90, SD/30"]
[Site "San Francisco"]
[Date "2012.06.19"]
[Round "5.22"]
[White "Zhao, Audrey"]
[Black "Rakonitz, David"]
[Result "1-0"]
[WhiteElo "1757"]
[BlackElo "1495"]
[PlyCount "93"]
[EventDate "2012.??.??"]

1. d4 Nf6 2. c4 e6 3. Nc3 Bb4 4. e3 c5 5. Bd3 Nc6 6. Nf3 Bxc3+ 7. bxc3 d6 8. e4
e5 9. d5 Ne7 10. h3 Ng6 11. Be3 b6 12. Qd2 h6 13. g3 Bd7 14. Ng1 O-O 15. Ne2
Ne8 16. g4 Nh4 17. O-O-O Ba4 18. Rdf1 Rb8 19. f4 exf4 20. Bxf4 Ng6 21. Ng3 Ne5
22. Be2 b5 23. cxb5 Bxb5 24. Bxe5 Bxe2 25. Bxg7 Nxg7 26. Nxe2 Qb6 27. Qc2 Rb7
28. Kd2 Qb2 29. Rb1 Qxc2+ 30. Kxc2 Rfb8 31. Rxb7 Rxb7 32. Ng3 Kh7 33. Rf1 Kg6
34. h4 f6 35. Nf5 Rd7 36. Kd3 h5 37. Nxg7 Rxg7 38. gxh5+ Kxh5 39. Rxf6 Rg3+ 40.
Kc4 Rg4 41. Rxd6 Rxe4+ 42. Kxc5 Ra4 43. Kb5 Rxa2 44. Ra6 Rb2+ 45. Kc5 Rb7 46.
d6 Kxh4 47. Kc6 1-0

[Event "Mechanics' Mar TNM; 30/90, SD/30"]
[Site "San Francisco"]
[Date "2012.08.21"]
[Round "4.14"]
[White "Zhao, Audrey"]
[Black "Traub, Igor"]
[Result "0-1"]
[WhiteElo "1777"]
[BlackElo "2135"]
[PlyCount "78"]
[EventDate "2012.??.??"]

1. d4 d5 2. c4 c6 3. Nf3 Nf6 4. Nc3 a6 5. a4 e6 6. e3 Bd6 7. Bd3 Nbd7 8. e4
dxe4 9. Nxe4 Nxe4 10. Bxe4 Nf6 11. Bc2 O-O 12. O-O h6 13. h3 Qc7 14. Re1 Rd8
15. Qd3 c5 16. Be3 b6 17. Rad1 Bb7 18. Bd2 cxd4 19. Nxd4 Bc5 20. Be3 e5 21. Qf5
Bxd4 22. Bxd4 exd4 23. b3 Qc6 24. f3 Qc5 25. Qd3 g6 26. Kf1 Nh5 27. Bb1 Nf4 28.
Qd2 Qg5 29. Qf2 Rd6 30. Rd2 Rad8 31. Red1 a5 32. h4 Qf6 33. Kg1 Nh5 34. Bc2 Qf4
35. Bd3 Ng3 36. Qe1 Qxh4 37. Be4 Bxe4 38. fxe4 Rf6 39. Rxd4 Qh1# 0-1

[Event "Mechanics' Winter TNM; 30/90, SD/30"]
[Site "San Francisco"]
[Date "2012.02.21"]
[Round "8.16"]
[White "de Lenea, Digne"]
[Black "Dembling, Arthur"]
[Result "1-0"]
[WhiteElo "1868"]
[BlackElo "1736"]
[PlyCount "125"]
[EventDate "2012.??.??"]

1. d4 Nf6 2. c4 e6 3. Nc3 Bb4 4. Qc2 d5 5. Bg5 h6 6. Bh4 dxc4 7. Nf3 Nc6 8. e3
b6 9. Bxc4 Bb7 10. O-O Be7 11. Bb5 O-O 12. Bxc6 Bxc6 13. Ne5 Bb7 14. Rfd1 Nd5
15. Bg3 a6 16. Rac1 Rc8 17. a3 Bd6 18. Ne4 Qe8 19. Qd3 Ne7 20. Nxd6 cxd6 21.
Rxc8 Qxc8 22. Nc4 Qc6 23. f3 Nf5 24. Bf2 Rc8 25. b3 a5 26. e4 Ne7 27. e5 Nf5
28. d5 Qxd5 29. Qxd5 Bxd5 30. Nxb6 Bxb3 31. Nxc8 Bxd1 32. exd6 Ba4 33. Nb6 Bc6
34. d7 Bxd7 35. Nxd7 Nd6 36. Bc5 Nc4 37. a4 Nb2 38. Nb6 Nd3 39. Be3 Kf8 40. Bd2
Ke7 41. Bxa5 Kd6 42. Kf1 Kc6 43. Ke2 Nc1+ 44. Ke3 Nb3 45. Nc4 Kc5 46. Kd3 Nxa5
47. Nxa5 Kb4 48. Nc6+ Kxa4 49. Nd8 Kb5 50. Ke4 Kc5 51. Nxf7 Kc4 52. h4 Kc3 53.
g4 Kd2 54. f4 Ke2 55. f5 exf5+ 56. gxf5 Kf2 57. Nxh6 Kg3 58. Nf7 Kxh4 59. Kf4
Kh5 60. Nd8 Kh6 61. Kg4 Kh7 62. Kg5 Kg8 63. Kg6 1-0